000
00324nam a2200109Ia 4500
008
200302s9999 xx 000 0 und d
100
_a
Bureau of Indian Standards
245
_a
Indian Standards Plain and Reinforced Concrete Code of Practice IS 456
260
_b
Bureau of Indian Standards
260
_c
2008
300
_a
100 P.,
999
_c
2784
_d
2784